000 02746nam0a2200445 4500
001 RU\NLR\bibl\928040
005 20260405101002.0
010 _a5-7996-0330-3
_91000
021 _aRU
_b2006-4798
_9228
035 _a(nilc)RSL-KNO-002836909
035 _a(NLR Aleph) 000916281
090 _a71324
_c71324
100 _a20060306d2005 |||y0rusy50 ca
101 0 _arus
102 _aRU
105 _aa |||||||||
106 _ar
200 1 _aРедкие и исчезающие растения уральской флоры
_eв экспозициях Ботанического сада Уральского государственного университета им. А.М. Горького
_eэкскурсии в природу
_fЕ.Я. Ильина, Г.П. Федосеева
_gФедер. агентство по образованию, Урал. гос. ун-т им. А.М. Горького, Ботан. сад
210 _aЕкатеринбург
_cИзд-во Уральского университета
_d2005
215 _a61, [3] с., [19] л. цв. ил.
_d21
300 _aНа 4-й с. обл. авт.: Федосеева Г.П., к.б.н., лауреат премии им. В.Н. Татищева и Г.В. де Геннина в обл. науки (2000), Ильина Е.Я., к.б.н., доц., пед., ветеран труда
320 _aБиблиогр. в конце кн.
320 _aДр. работы 1-го авт. на 4-й с. обл.
606 1 _aРедкие растения
_yУрал
_92420746
_3RU\NLR\auth\661441629
606 1 _aРедкие растения
_xОхрана
_yУрал
_92420749
_3RU\NLR\auth\661441630
610 0 _aБиологические науки -- Ботаника -- Охрана растений -- Российская Федерация -- Урал
610 0 _aБиологические науки -- Ботаника -- Организация научно-исследовательской и практической работы -- Российская Федерация -- Ботанические сады
610 0 _aредкие и исчезающие растения
686 _aЕ588.9(2Р36),0
_2rubbk
686 _aЕ5е(2)л64,0
_2rubbk
686 _aЕ585.9(2Р36)
686 _aЕ588(2Р36)
700 1 _4070
_7ca
_8rus
_aИльина
_bЕ. Я.
_cканд. биол. наук
_gЕвгения Яковлевна
_920018
_3RU\NLR\auth\7737029
701 1 _4070
_7ca
_8rus
_aФедосеева
_bГ. П.
_f-2012
_gГалина Петровна
_920020
_3RU\NLR\auth\7737031
801 0 _aRU
_bРКП
_c20060306
_grcr
801 1 _aRU
_bРГБ
_c20060306
801 2 _aRU
_bNLR
_c20060407
_grcr
942 _cBOOK
980 _aNB